LIBRARY & INFORMATION CENTRE, KCAET, TAVANUR

ONLINE PUBLIC ACCESS CATALOGUE (OPAC)

Precast re- inforced concrete / (Record no. 3168)

MARC details
000 -LEADER
fixed length control field 00472cam a2200193ua 4500
041 ## - LANGUAGE CODE
Language code of text/sound track or separate title eng
082 ## - DEWEY DECIMAL CLASSIFICATION NUMBER
Classification number 624.18341
Item number DYA/PR
100 ## - MAIN ENTRY--AUTHOR NAME
Personal name Dhyachenko, P .
245 ## - TITLE STATEMENT
Title Precast re- inforced concrete /
250 ## - EDITION STATEMENT
Edition statement 1 /
260 ## - PUBLICATION, DISTRIBUTION, ETC. (IMPRINT)
Place of publication Moscow :
Name of publisher Peace Publishers ,
Year of publication 1951.
300 ## - PHYSICAL DESCRIPTION
Number of Pages 239 ; .
700 1# - ADDED ENTRY--PERSONAL NAME
Personal name Mirotvorsky, S .
942 ## - ADDED ENTRY ELEMENTS (KOHA)
Koha item type Books
Holdings
Withdrawn status Lost status Damaged status Home library Current library Date acquired Full call number Accession Number Koha item type
Withdrawn     KAUAET KAUAET 07/04/2012 624.18341 4799 Books
free website counter